Management information systems : (Record no. 20560)
[ view plain ]
| 000 -LEADER | |
|---|---|
| fixed length control field | 01499cam a22003375a 4500 |
| 001 - CONTROL NUMBER | |
| control field | 016436569 |
| 003 - CONTROL NUMBER IDENTIFIER | |
| control field | OSt |
| 005 - DATE AND TIME OF LATEST TRANSACTION | |
| control field | 20201128021513.0 |
| 008 - FIXED-LENGTH DATA ELEMENTS--GENERAL INFORMATION | |
| fixed length control field | 130621s2013 enka frbd 001 0 eng d |
| 020 ## - INTERNATIONAL STANDARD BOOK NUMBER | |
| International Standard Book Number | 9781408271605 (paperback) |
| 040 ## - CATALOGING SOURCE | |
| Original cataloging agency | UkOxU |
| Language of cataloging | eng |
| Transcribing agency | UkOxU |
| Modifying agency | Uk |
| -- | EG-ScBUE |
| 082 04 - DEWEY DECIMAL CLASSIFICATION NUMBER | |
| Classification number | 658.4038011 |
| Item number | LAU |
| Edition number | 22 |
| 100 1# - MAIN ENTRY--PERSONAL NAME | |
| Personal name | Laudon, Kenneth C., |
| Dates associated with a name | 1944- |
| 9 (RLIN) | 1293 |
| 245 10 - TITLE STATEMENT | |
| Title | Management information systems : |
| Remainder of title | managing the digital firm / |
| Statement of responsibility, etc | Kenneth C. Laudon, Jane P. Laudon, Ahmed Elragal. |
| 250 ## - EDITION STATEMENT | |
| Edition statement | Arab world ed. |
| 260 ## - PUBLICATION, DISTRIBUTION, ETC. (IMPRINT) | |
| Place of publication, distribution, etc | Harlow : |
| Name of publisher, distributor, etc | Pearson Education Limited, |
| Date of publication, distribution, etc | 2013. |
| 300 ## - PHYSICAL DESCRIPTION | |
| Extent | (Various pagings) : |
| Other physical details | ill. (col.) ; |
| Dimensions | 28 cm. |
| 500 ## - GENERAL NOTE | |
| General note | Authorized adaptation from the United Stated edition, entitled Management information systems : managing the digital firm, 12th edition, by Kenneth C. Laudon and Jane P. Laudon. |
| 500 ## - GENERAL NOTE | |
| General note | Authorized adaptation from the United Stated edition, entitled Management information systems : managing the digital firm, 12th edition, by Kenneth C. Laudon and Jane P. Laudon. |
| 500 ## - GENERAL NOTE | |
| General note | Includes glossary. |
| 500 ## - GENERAL NOTE | |
| General note | Includes MyMISLab. |
| 504 ## - BIBLIOGRAPHY, ETC. NOTE | |
| Bibliography, etc | Includes bibliographical references and index. |
| 590 ## - LOCAL NOTE (RLIN) | |
| Local note | Nis. |
| 650 #0 - SUBJECT ADDED ENTRY--TOPICAL TERM | |
| Topical term or geographic name as entry element | Management information systems |
| Geographic subdivision | Arab countries |
| Form subdivision | Case studies. |
| Source of heading or term | BUEsh |
| 651 ## - SUBJECT ADDED ENTRY--GEOGRAPHIC NAME | |
| Source of heading or term | BUEsh |
| 653 ## - INDEX TERM--UNCONTROLLED | |
| Resource For college | Informatics and Computer Science |
| Arrived date list | August2015 |
| -- | December2015 |
| 650 #7 - SUBJECT ADDED ENTRY--TOPICAL TERM | |
| 9 (RLIN) | 1296 |
| Topical term or geographic name as entry element | Management information systems |
| Source of heading or term | BUEsh |
| 700 1# - ADDED ENTRY--PERSONAL NAME | |
| Personal name | Laudon, Jane Price |
| Titles and other words associated with a name | (Ph. D.), |
| 700 1# - ADDED ENTRY--PERSONAL NAME | |
| Personal name | Elragal, Ahmed |
| Fuller form of name | (Ahmed A.), |
| 942 ## - ADDED ENTRY ELEMENTS (KOHA) | |
| Source of classification or shelving scheme | Dewey Decimal Classification |
| Withdrawn status | Lost status | Source of classification or shelving scheme | Damaged status | Not for loan | Koha collection | Home library | Current library | Shelving location | Date acquired | Source of acquisition | Cost, normal purchase price | Serial Enumeration / chronology | Total Checkouts | Full call number | Barcode | Date last seen | Date last borrowed | Cost, replacement price | Koha item type |
|---|---|---|---|---|---|---|---|---|---|---|---|---|---|---|---|---|---|---|---|
| Dewey Decimal Classification | Baccah | Central Library | Central Library | First floor | 17/08/2015 | Purchase | 394.00 | 21759 | 1 | 658.4038011 LAU | 000039724 | 15/07/2025 | 16/03/2016 | 493.00 | Book - Borrowing |